A Beginner's Guide To Mass Spectral Interpretation (Record no. 565819)

000 -LEADER
fixed length control field 00345nam a2200121Ia 4500
008 - FIXED-LENGTH DATA ELEMENTS--GENERAL INFORMATION
fixed length control field 210430s9999 xx 000 0 und d
082 ## - DEWEY DECIMAL CLASSIFICATION NUMBER
Classification number 547.30873 L4771A
100 ## - MAIN ENTRY--PERSONAL NAME
Personal name Lee Terrence A.
245 #2 - TITLE STATEMENT
Title A Beginner's Guide To Mass Spectral Interpretation
Statement of responsibility, etc. Lee Terrence A.
260 ## - PUBLICATION, DISTRIBUTION, ETC.
Name of publisher, distributor, etc. John Wiley &Sons
Date of publication, distribution, etc. 1998
300 ## - PHYSICAL DESCRIPTION
Extent 186p.
942 ## - ADDED ENTRY ELEMENTS (KOHA)
Koha item type Reference
Source of classification or shelving scheme
Holdings
Withdrawn status Lost status Damaged status Not for loan Collection code Permanent Location Current Location Shelving location Date acquired Total Checkouts Full call number Barcode Date last seen Price effective from Koha item type
          School of Chemical & Materials Engineering (SCME) School of Chemical & Materials Engineering (SCME) Book Cart     547.30873 L4771A SCME-4768 04/30/2021 04/30/2021 Reference
© 2023 Central Library, National University of Sciences and Technology. All Rights Reserved.